000 00836cam a22002893a 4500
001 27339
003 PGUSA
005 20140828083606.0
008 081127s2008||||xxu|||||s|||||000 1 eng d
040 _aPGUSA
_beng
042 _adc
050 4 _aPS
100 1 _aMacGrath, Harold,
_d1871-1932
245 1 4 _aThe Pagan Madonna
_h[electronic resource] /
_cHarold MacGrath
260 _bProject Gutenberg,
_c2008
506 _aPublic domain in the USA.
516 _aElectronic text
653 _aPirates -- Fiction
653 _aChance -- Fiction
653 _aAdventure stories
653 _aMystery fiction
653 _aOcean travel -- Fiction
700 1 _aKoerner, W. H. D.
_q(William Henry Dethlef),
_d1878-1938
830 0 _aProject Gutenberg
_v27339
856 4 0 _uhttp://www.gutenberg.org/ebooks/27339
942 _cEB
999 _c256594
_d256594